000 00334nam a22001457a 4500
003 SGT
020 _a9781426204319
082 _a770.28
_bNAT
100 _aNATIONAL GEOGRAPHIC
245 _aULTIMATE FIELD GUIDE TO PHOTOGRAPHY
260 _a USA
_c2009
_bNATIONAL GEOGRAPHIC PUB
300 _a399
650 _aBJMC
942 _2ddc
_cBK
999 _c32135
_d32135